UBT Library

Makroökonomik : (Record no. 234)

000 -LEADER
fixed length control field 00568nam a22001937a 4500
008 - FIXED-LENGTH DATA ELEMENTS--GENERAL INFORMATION
fixed length control field 131031b xxu||||| |||| 00| 0 ger d
020 ## - INTERNATIONAL STANDARD BOOK NUMBER
International Standard Book Number 3540188371
020 ## - INTERNATIONAL STANDARD BOOK NUMBER
International Standard Book Number 0387188371
041 1# - LANGUAGE CODE
Language code of text/sound track or separate title ger
080 ## - UNIVERSAL DECIMAL CLASSIFICATION NUMBER
Universal Decimal Classification number 330.101.541
100 1# - Rafti
Rafti Westphal, Uwe.
245 10 - TITLE STATEMENT
Title Makroökonomik :
Statement of responsibility, etc Uwe Westphal.
260 ## -
-- Berlin ;
-- New York :
-- Springer,
-- 1988.
300 ## -
-- 530 p. ;
-- 25 cm.
500 ## -
-- Vorwort : f. [V] - VII
505 ## -
-- Includes bibliographical references and index.
650 ## -
-- Makroekonomia
942 ## - ADDED ENTRY ELEMENTS (KOHA)
Source of classification or shelving scheme
Item type Books
Holdings
Withdrawn status Lost status Source of classification or shelving scheme Damaged status Not for loan Collection code Permanent location Current location Shelving location Date acquired Total Checkouts Full call number Barcode Date last seen Koha item type
          Koleksioni i përgjithshem UBT - Prishtine UBT - Prishtine Koleksioni i përgjithshem 10/31/2013   330.101.541 WES 001-000270 10/31/2013 Books
UBT Library © 2015-2024. All rights reserved University Education for Business and Technology